Guia para el diseño eléctrico de líneas y redes de distribución
সংরক্ষণ করুন:
| প্রধান লেখক: | |
|---|---|
| বিন্যাস: | গ্রন্থ |
| প্রকাশিত: |
San José, Costa Rica
1988
|
| বিষয়গুলি: | |
| ট্যাগগুলো: |
ট্যাগ যুক্ত করুন
কোনো ট্যাগ নেই, প্রথমজন হিসাবে ট্যাগ করুন!
|
MARC
| LEADER | 00000nam a2200000Ia 4500 | ||
|---|---|---|---|
| 003 | 004546 | ||
| 005 | 20221231144344.0 | ||
| 008 | 140114s1988 cr a m 000 ||s d | ||
| 040 | |c cru CEDI | ||
| 090 | |a TFG 2082 | ||
| 100 | |a González Marroquín, Edwin |9 13646 | ||
| 245 | |a Guia para el diseño eléctrico de líneas y redes de distribución | ||
| 260 | |c 1988 |a San José, Costa Rica | ||
| 300 | |a vii, 113 hojas : ilustraciones (algunas plegables) ; 28 cm | ||
| 500 | |a Proyecto de graduación (licenciatura en ingenieria electrica)--Universidad de Costa Rica. Facultad de Ingeniería. Escuela de Ingeniería Eléctrica | ||
| 650 | |x LINEAS ELECTRICAS - DISEÑO |x REDES ELECTRICAS |9 13647 | ||
| 942 | |c TFG |2 ddc | ||
| 999 | |c 20656 |d 20656 | ||
